000 01037 a2200277 4500
003 Nust
005 20230819091855.0
010 _a 2003044031
020 _a0521529026 (pbk.)
020 _a0521821509 (hardback)
040 _cNust
082 0 0 _a519.55, KIN
100 1 _aKantz, Holger,
_9114183
245 1 0 _aNonlinear time series analysis /
_cHolger Kantz and Thomas Schreiber.
250 _a2nd ed.
260 _aCambridge, UK ;
_aNew York :
_bCambridge University Press,
_c2004.
300 _axvi, 369 p. :
_bill. ;
_c26 cm.
505 _aPart-1: Basic Topics (Page-1), Part-II: Advance Topics (Page-143)
650 0 _aNonlinear theories.
_9655
650 0 _aTime-series analysis.
700 1 _aSchreiber, Thomas,
_d1963-
_9114184
856 4 1 _3Publisher description
_uhttp://www.loc.gov/catdir/description/cam032/2003044031.html
856 4 1 _3Sample text
_uhttp://www.loc.gov/catdir/samples/cam041/2003044031.html
856 4 1 _3Table of contents
_uhttp://www.loc.gov/catdir/toc/cam032/2003044031.html
942 _2ddc
_cBK
999 _c181328
_d181328